Представление документа в формате RUSMARC

ПолеНазваниеЗначение
  Тип записи a
  Библиографический уровень a
001 Контрольный номер RU/CBS_UL/BASE/9ea77aa926034b119aef9c33592b4aad
005 Дата корректировки 20230110140448.8
100 Данные общей обработки __
a Данные общей обработки 20230110 ||| 0rusy0189 ca
101 Язык документа 0_
a Язык текста rus
102 Страна публикации __
a Страна публикации RU
200 Заглавие и сведения об ответственности 1_
a Заглавие Агент Белая Мышь
e Сведения, относящиеся к заглавию [о Нэнси Уэйк - участнице Второй мировой войны и французского Сопротивления,]
461 Уровень набора _0
1 2000
a Загадки истории
463 Уровень физической единицы _0
1 2000
a № 1-2
v С. 38-39 : фот.
1 2101
d 2023
1 001RU/CBS_UL/BASE/f2ae496969644f5da3c01444e9f5d2dc
600 Персоналии _1
a Персоналии (Фамилия) Уэйк
b Персоналии (Имя, инициалы) Н.
g Полное имя Нэнси
606 Тематические рубрики 0_
a Основная рубрика Уэйк, Нэнси (1912-2011), о ней
y Географическая подрубрика Франция
y Географическая подрубрика Великобритания
y Географическая подрубрика Австралия
z Хронологическая подрубрика 20 в.
610 Ключевые слова 0_
a Ключевые слова антифашисты
610 Ключевые слова 0_
a Ключевые слова агенты секретные
610 Ключевые слова 0_
a Ключевые слова французское сопротивление
686 Индексы других классификаций __
a Классификационный индекс 63.3(4)
2 Код системы ББК
700 Автор _1
a Фамилия Штерн
b Имя (инициалы) В.
801 Источник записи _0
a Страна RU
b Организация МБУК ЦБС г. Ульяновска
c Дата составления 20230110
g Правила каталогизации RCR
801 Источник записи _1
a Страна RU
b Организация МБУК ЦБС г. Ульяновска
c Дата составления 20230110
g Правила каталогизации RCR
901 Тип документа __
t Тип документа b
w Контрольный № источника RU/CBS_UL/BASE/f2ae496969644f5da3c01444e9f5d2dc